000 00361nam a22001217a 4500
999 _c9513
_d9513
003 OSt
008 201203b ||||| |||| 00| 0 eng d
245 _aSadhana Academy Proceedings in Engineering Sciences
250 _a2012(Feb Vol.37 No.1, Apr Vol.37 No.2, Jun Vol.37 No.3)
260 _aBengaluru
_bSpringer
650 _aMechanical Engineering
942 _2ddc
_cBV